<?xml version="1.0" encoding="UTF-8"?>
<record
    xmlns:xsi="http://www.w3.org/2001/XMLSchema-instance"
    xsi:schemaLocation="http://www.loc.gov/MARC21/slim http://www.loc.gov/standards/marcxml/schema/MARC21slim.xsd"
    xmlns="http://www.loc.gov/MARC21/slim">

  <leader>00615nam a2200193   4500</leader>
  <controlfield tag="005">20251202124051.0</controlfield>
  <controlfield tag="008">251202b        |||||||| |||| 00| 0 eng d</controlfield>
  <datafield tag="020" ind1=" " ind2=" ">
    <subfield code="a">978-81-975217-9-4</subfield>
  </datafield>
  <datafield tag="041" ind1=" " ind2=" ">
    <subfield code="a">Eng</subfield>
  </datafield>
  <datafield tag="082" ind1=" " ind2=" ">
    <subfield code="2">1st ed.</subfield>
    <subfield code="a">CH 610.7343 PRA B11893</subfield>
  </datafield>
  <datafield tag="100" ind1=" " ind2=" ">
    <subfield code="a">Prasuna Gnana G.</subfield>
    <subfield code="9">215627</subfield>
  </datafield>
  <datafield tag="245" ind1=" " ind2=" ">
    <subfield code="a">Community Health Nursing-II for BSc Nursing Students</subfield>
  </datafield>
  <datafield tag="250" ind1=" " ind2=" ">
    <subfield code="a">1st ed.</subfield>
  </datafield>
  <datafield tag="260" ind1=" " ind2=" ">
    <subfield code="a">Hyderabad</subfield>
    <subfield code="b">Frontline Publications</subfield>
    <subfield code="c">2025</subfield>
  </datafield>
  <datafield tag="300" ind1=" " ind2=" ">
    <subfield code="a">xvii,520p</subfield>
    <subfield code="b">pb</subfield>
    <subfield code="c">28x21.2cm</subfield>
  </datafield>
  <datafield tag="365" ind1=" " ind2=" ">
    <subfield code="a">Rupaye</subfield>
    <subfield code="b">850</subfield>
    <subfield code="c">INR</subfield>
  </datafield>
  <datafield tag="521" ind1=" " ind2=" ">
    <subfield code="a">Community Health Nursing-II for BSc Nursing Students
4th year BSC Sem VII</subfield>
  </datafield>
  <datafield tag="942" ind1=" " ind2=" ">
    <subfield code="c">BK</subfield>
  </datafield>
  <datafield tag="999" ind1=" " ind2=" ">
    <subfield code="c">369240</subfield>
    <subfield code="d">369240</subfield>
  </datafield>
  <datafield tag="952" ind1=" " ind2=" ">
    <subfield code="0">0</subfield>
    <subfield code="1">0</subfield>
    <subfield code="2">ddc</subfield>
    <subfield code="4">0</subfield>
    <subfield code="7">3</subfield>
    <subfield code="8">REF</subfield>
    <subfield code="a">BTIN</subfield>
    <subfield code="b">BTIN</subfield>
    <subfield code="d">2025-11-18</subfield>
    <subfield code="e">Patil Medical Book</subfield>
    <subfield code="g">595.00</subfield>
    <subfield code="i">2026</subfield>
    <subfield code="l">0</subfield>
    <subfield code="o">CH 610.7343 PRA B11893</subfield>
    <subfield code="p">BTIN-BK-11893</subfield>
    <subfield code="r">2025-12-02 12:19:00</subfield>
    <subfield code="t">30%</subfield>
    <subfield code="v">850.00</subfield>
    <subfield code="w">2025-10-29</subfield>
    <subfield code="y">BK</subfield>
    <subfield code="z">BTIN-BK-11893</subfield>
  </datafield>
  <datafield tag="952" ind1=" " ind2=" ">
    <subfield code="0">0</subfield>
    <subfield code="1">0</subfield>
    <subfield code="2">ddc</subfield>
    <subfield code="4">0</subfield>
    <subfield code="7">0</subfield>
    <subfield code="8">NFIC</subfield>
    <subfield code="a">BTIN</subfield>
    <subfield code="b">BTIN</subfield>
    <subfield code="d">2025-11-18</subfield>
    <subfield code="e">Patil Medical Book</subfield>
    <subfield code="g">595.00</subfield>
    <subfield code="i">2026</subfield>
    <subfield code="l">2</subfield>
    <subfield code="m">1</subfield>
    <subfield code="o">CH 610.7343 PRA B11894</subfield>
    <subfield code="p">BTIN-BK-11894</subfield>
    <subfield code="r">2026-01-17 14:44:05</subfield>
    <subfield code="s">2025-12-23</subfield>
    <subfield code="t">30%</subfield>
    <subfield code="v">850.00</subfield>
    <subfield code="w">2025-10-29</subfield>
    <subfield code="y">BK</subfield>
    <subfield code="z">BTIN-BK-11894</subfield>
  </datafield>
  <datafield tag="952" ind1=" " ind2=" ">
    <subfield code="0">0</subfield>
    <subfield code="1">0</subfield>
    <subfield code="2">ddc</subfield>
    <subfield code="4">0</subfield>
    <subfield code="7">0</subfield>
    <subfield code="8">NFIC</subfield>
    <subfield code="a">BTIN</subfield>
    <subfield code="b">BTIN</subfield>
    <subfield code="d">2025-11-18</subfield>
    <subfield code="e">Patil Medical Book</subfield>
    <subfield code="g">595.00</subfield>
    <subfield code="i">2026</subfield>
    <subfield code="l">3</subfield>
    <subfield code="m">4</subfield>
    <subfield code="o">CH 610.7343 PRA B11895</subfield>
    <subfield code="p">BTIN-BK-11895</subfield>
    <subfield code="q">2026-04-09</subfield>
    <subfield code="r">2026-01-30 06:09:21</subfield>
    <subfield code="s">2026-01-30</subfield>
    <subfield code="t">30%</subfield>
    <subfield code="v">850.00</subfield>
    <subfield code="w">2025-10-29</subfield>
    <subfield code="y">BK</subfield>
    <subfield code="z">BTIN-BK-11895</subfield>
  </datafield>
  <datafield tag="952" ind1=" " ind2=" ">
    <subfield code="0">0</subfield>
    <subfield code="1">0</subfield>
    <subfield code="2">ddc</subfield>
    <subfield code="4">0</subfield>
    <subfield code="7">0</subfield>
    <subfield code="8">NFIC</subfield>
    <subfield code="a">BTIN</subfield>
    <subfield code="b">BTIN</subfield>
    <subfield code="d">2025-11-18</subfield>
    <subfield code="e">Patil Medical Book</subfield>
    <subfield code="g">595.00</subfield>
    <subfield code="i">2026</subfield>
    <subfield code="l">2</subfield>
    <subfield code="m">1</subfield>
    <subfield code="o">CH 610.7343 PRA B11896</subfield>
    <subfield code="p">BTIN-BK-11896</subfield>
    <subfield code="q">2026-09-28</subfield>
    <subfield code="r">2026-03-31 11:23:47</subfield>
    <subfield code="s">2026-03-31</subfield>
    <subfield code="t">30%</subfield>
    <subfield code="v">850.00</subfield>
    <subfield code="w">2025-10-29</subfield>
    <subfield code="y">BK</subfield>
    <subfield code="z">BTIN-BK-11896</subfield>
  </datafield>
  <datafield tag="952" ind1=" " ind2=" ">
    <subfield code="0">0</subfield>
    <subfield code="1">0</subfield>
    <subfield code="2">ddc</subfield>
    <subfield code="4">0</subfield>
    <subfield code="7">0</subfield>
    <subfield code="8">NFIC</subfield>
    <subfield code="a">BTIN</subfield>
    <subfield code="b">BTIN</subfield>
    <subfield code="d">2025-11-18</subfield>
    <subfield code="e">Patil Medical Book</subfield>
    <subfield code="g">595.00</subfield>
    <subfield code="i">2026</subfield>
    <subfield code="l">2</subfield>
    <subfield code="m">1</subfield>
    <subfield code="o">CH 610.7343 PRA B11897</subfield>
    <subfield code="p">BTIN-BK-11897</subfield>
    <subfield code="q">2026-04-09</subfield>
    <subfield code="r">2026-03-30 12:03:23</subfield>
    <subfield code="s">2026-03-30</subfield>
    <subfield code="t">30%</subfield>
    <subfield code="v">850.00</subfield>
    <subfield code="w">2025-10-29</subfield>
    <subfield code="y">BK</subfield>
    <subfield code="z">BTIN-BK-11897</subfield>
  </datafield>
</record>
